Statistiques concernant Personnes célèbres de Nouvelle Aquitaine

Cliquez ici pour prendre le quiz!

Statistiques générales

  • Ce quiz a été pris 69 fois
  • Le résultat moyen est 6 sur 13

Statistiques - réponses

IndiceVille d'originePersonnalité% Correct
Ancien Maire de Bordeaux et Premier ministreMont-de-MarsanAlain Juppé
82%
Humoriste, chanteur, producteur présentateur d'émissions de divertissement toujours prêt à faire tourner des serviettesBrive-la-GaillardePatrick Sébastien
80%
Reine de France puis d'Angleterre morte à plus de 80 ansPoitiersAliénor d'Aquitaine
78%
Chanteur vainqueur de The Voice du tube "Color Gitano"PérigueuxKendji Girac
69%
Célèbre cuisinière de télévisionRion-des-LandesMaïté
64%
Philosophe et auteur de "Lettres persanes"La BrèdeMontesquieu
56%
Journaliste présentatrice du JT de France 2 et animatrice de débats politiquesSaint-Jean-de-LuzAnne-Sophie Lapix
42%
Streameur sur twitch des "nuits de la culture"LimogesEtoiles
40%
Réalisateur de la nouvelle vague auteur des "contes moraux", "contes des quatre saisons" ou "Pauline à la plage"TulleÉric Rohmer
25%
Architecte star de la philarmonie de Paris ou du Louvre Abou DabiFumelJean Nouvel
22%
Actrice qui commença dans le cinéma en 1931 célèbre pour les demoiselles de Rochefort ou Huit femmesBordeauxDanielle Darrieux
20%
Reine de Navarre grand mère d'Henri IV surnommée "la Perle des Valois"AngoulêmeMarguerite de Valois
18%
Peintresse naturaliste connue pour ses toiles de vaches ou de lionsBordeauxRosa Bonheur
16%

Distribution des résultats

Percentile par nombre de réponses

% des personnes avec chaque résultat

Votre développement - résultats

Vous n’avez pas pris ce quiz